[Event "Veliko Gradiste Silver Lake op"]
[Site "Veliko Gradiste"]
[Date "2018.06.18"]
[Round "3"]
[White "Dhruv, Easwar"]
[Black "Gazik, Igor"]
[Result "0-1"]
[WhiteElo "1953"]
[BlackElo "2236"]
[PlyCount "68"]
[EventDate "2018.06.17"]
[EventType "swiss"]
[EventRounds "9"]
[EventCountry "SRB"]
[SourceTitle "CBM 185 Extra"]
[Source "ChessBase"]
[SourceDate "2018.07.29"]
[SourceVersion "1"]
[SourceVersionDate "2018.07.29"]
[SourceQuality "1"]

1. e4 g6 2. d4 Bg7 3. Nf3 d6 4. Bd3 Nc6 5. c3 e5 6. Be3 Nf6 7. h3 0-0 8. a3 d5 9. dxe5 Nxe4 10. Qc2 Nxe5 11. Bxe4 dxe4 12. Nxe5 Bxe5 13. Qxe4 Re8 14. Qf3 Qd3 15. Nd2 Bd7 16. Qxb7 Rad8 17. Qe4 Qxe4 18. Nxe4 f5 19. Bg5 fxe4 20. Bxd8 Rxd8 21. Rd1 Bd6 22. c4 Ba4 23. Rd2 Re8 24. 0-0 Bb3 25. Re1 Bxc4 26. Rd4 Bb3 27. Rdxe4 Rxe4 28. Rxe4 Kf7 29. Kf1 Bd5 30. Ra4 Bc5 31. f3 Ke6 32. Rh4 h5 33. Ke2 Ke5 34. b4 Be7 0-1

[Event "Budapest FS04 Nadassy"]
[Site "Budapest"]
[Date "2018.04.15"]
[Round "8.1"]
[White "Dhruv, Easwar"]
[Black "Farago, Sandor"]
[Result "0-1"]
[WhiteElo "1923"]
[BlackElo "2200"]
[PlyCount "70"]
[EventDate "2018.04.07"]
[EventType "schev"]
[EventRounds "10"]
[EventCountry "HUN"]
[SourceTitle "CBM 184 Extra"]
[Source "ChessBase"]
[SourceDate "2018.06.28"]
[SourceVersion "1"]
[SourceVersionDate "2018.06.28"]
[SourceQuality "1"]
[WhiteTeam "B Team Lower Elo"]
[BlackTeam "A Team Higher Elo"]
[WhiteTeamCountry "HUN"]
[BlackTeamCountry "HUN"]

1. d4 Nf6 2. Nf3 g6 3. e3 Bg7 4. Bd3 c5 5. c3 b6 6. e4 Bb7 7. Nbd2 d6 8. 0-0 0-0 9. Re1 cxd4 10. cxd4 Nc6 11. Nf1 e5 12. d5 Nb4 13. Bb1 a5 14. Ng3 Na6 15. Bd2 Nc5 16. Bc3 b5 17. a3 Qb6 18. Bc2 b4 19. axb4 axb4 20. Rxa8 Rxa8 21. Bd2 b3 22. Bb1 Ra1 23. Qe2 Ba6 24. Qe3 Ng4 25. Qg5 Bc8 26. Qe7 Bf8 27. Qh4 Nxf2 28. Ng5 h6 29. Nxf7 Kxf7 30. Be3 Ng4 31. Rf1+ Ke8 32. Bd3 Rxf1+ 33. Nxf1 Nxe3 34. Nxe3 Nxd3 35. Qg3 Nf4 0-1

[Event "Budapest FS04 Nadassy"]
[Site "Budapest"]
[Date "2018.04.09"]
[Round "3.1"]
[White "Farago, Sandor"]
[Black "Dhruv, Easwar"]
[Result "1-0"]
[WhiteElo "2200"]
[BlackElo "1923"]
[PlyCount "91"]
[EventDate "2018.04.07"]
[EventType "schev"]
[EventRounds "10"]
[EventCountry "HUN"]
[SourceTitle "CBM 184 Extra"]
[Source "ChessBase"]
[SourceDate "2018.06.28"]
[SourceVersion "1"]
[SourceVersionDate "2018.06.28"]
[SourceQuality "1"]
[WhiteTeam "A Team Higher Elo"]
[BlackTeam "B Team Lower Elo"]
[WhiteTeamCountry "HUN"]
[BlackTeamCountry "HUN"]

1. e4 d5 2. exd5 Qxd5 3. Nc3 Qa5 4. g3 c6 5. Bg2 Nf6 6. Nge2 Bf5 7. b4 Qc7 8. d4 e6 9. Rb1 Nd5 10. a3 Nd7 11. Ne4 Be7 12. c4 N7f6 13. Nxf6+ Nxf6 14. Rb3 0-0 15. 0-0 h6 16. Qd2 Ne4 17. Qe3 Nf6 18. h3 Rfe8 19. Bb2 Rad8 20. Nf4 Bd6 21. Nd3 Nd7 22. Re1 Qc8 23. Qf3 Be7 24. g4 Bg6 25. Nf4 Bh7 26. d5 exd5 27. cxd5 cxd5 28. Rc3 Qb8 29. Nxd5 Bf6 30. Nxf6+ Nxf6 31. Rce3 Ne4 32. Rxe4 Rxe4 33. Rxe4 Bxe4 34. Qxe4 Rd1+ 35. Bf1 Qd6 36. Kg2 Qd7 37. Bc4 Rd2 38. Bc3 Rd6 39. Qe5 Kf8 40. Qxg7+ Ke8 41. Qg8+ Ke7 42. Qxf7+ Kd8 43. Qg8+ Qe8 44. Qxe8+ Kxe8 45. f4 Ke7 46. b5 1-0

[Event "Trebic Highlands op 11th"]
[Site "Trebic"]
[Date "2017.09.26"]
[Round "4"]
[White "Dhruv, Easwar"]
[Black "Navratil, Jiri"]
[Result "0-1"]
[WhiteElo "1781"]
[BlackElo "2013"]
[PlyCount "42"]
[EventDate "2017.09.23"]
[EventType "swiss"]
[EventRounds "9"]
[EventCountry "CZE"]
[SourceTitle "EXT 2018"]
[Source "ChessBase"]
[SourceDate "2017.10.13"]
[SourceVersion "1"]
[SourceVersionDate "2017.10.13"]
[SourceQuality "1"]

1. e4 c5 2. c3 e6 3. d4 Nf6 4. Bg5 Qb6 5. Bxf6 Qxb2 6. Be5 Qxa1 7. Qc2 Nc6 8. Nf3 cxd4 9. Bb5 Ba3 10. Bxc6 bxc6 11. Bxd4 Qb2 12. Nxa3 Qxa3 13. Bxg7 Rg8 14. Be5 Rxg2 15. Bg3 Ba6 16. Nh4 Rxg3 17. hxg3 Rb8 18. Nf3 Rb2 19. Qc1 Re2+ 20. Kd1 Qa4+ 21. Qc2 Qxc2# 0-1

[Event "EU School-ch U13"]
[Site "Budva"]
[Date "2017.06.12"]
[Round "2"]
[White "Kirillov, Dmitry1111"]
[Black "Dhruv, Easwar"]
[Result "1-0"]
[WhiteElo "1964"]
[BlackElo "1730"]
[PlyCount "97"]
[EventDate "2017.06.11"]
[EventType "swiss"]
[EventRounds "9"]
[EventCountry "MNE"]
[SourceTitle "EXT 2024"]
[Source "ChessBase"]
[SourceDate "2023.10.10"]
[SourceVersion "1"]
[SourceVersionDate "2023.10.10"]
[SourceQuality "1"]

1. e4 e5 2. Nf3 Nc6 3. Bb5 a6 4. Ba4 Nf6 5. 0-0 Be7 6. d3 b5 7. Bb3 d6 8. a3 0-0 9. Nc3 Bg4 10. Be3 Na5 11. Ba2 c5 12. Bg5 Nc6 13. Bxf6 Bxf6 14. h3 Bh5 15. Nd5 Nd4 16. g4 Bg6 17. Nxd4 cxd4 18. f4 exf4 19. Nxf4 Be5 20. Ng2 Rc8 21. Qe2 Bf6 22. Rf2 Be5 23. Raf1 Rc7 24. Nf4 Bxf4 25. Rxf4 Qh4 26. Qg2 Qe7 27. Qf2 Rfc8 28. Bb3 a5 29. a4 bxa4 30. Bxa4 Qe5 31. Bb3 Rf8 32. h4 h5 33. gxh5 Qxh5 34. Qxd4 Rc6 35. c3 Rb8 36. Bd5 Rcb6 37. b3 Qe2 38. R4f2 Qh5 39. Rg2 Qh6 40. Qf2 Kh8 41. Qd2 Qh5 42. Qg5 Rc8 43. Bc4 Rcb8 44. Qxh5+ Bxh5 45. Rg5 Be2 46. Re1 Bf3 47. Kf2 f6 48. Rxa5 Bg4 49. Rg1 1-0

[Event "Heraklion op 20th"]
[Site "Heraklion"]
[Date "2017.04.23"]
[Round "8"]
[White "Mamoulakis, Eleftherios"]
[Black "Dhruv, Easwar"]
[Result "1-0"]
[WhiteElo "2117"]
[BlackElo "1753"]
[PlyCount "89"]
[EventDate "2017.04.17"]
[EventType "swiss"]
[EventRounds "9"]
[EventCountry "GRE"]
[SourceTitle "CBM 177 Extra"]
[Source "ChessBase"]
[SourceDate "2017.04.27"]
[SourceVersion "1"]
[SourceVersionDate "2017.04.27"]
[SourceQuality "1"]

1. Nf3 d5 2. g3 Nf6 3. Bg2 e6 4. 0-0 Be7 5. d3 0-0 6. Nbd2 b6 7. c3 Bb7 8. Qc2 c5 9. Re1 Nbd7 10. e4 Qc7 11. exd5 Nxd5 12. Nc4 Rfd8 13. a4 Bf6 14. Bg5 Bxg5 15. Nxg5 h6 16. Ne4 N7f6 17. a5 Nxe4 18. dxe4 Nf6 19. axb6 axb6 20. e5 Ne8 21. Rxa8 Bxa8 22. Bxa8 Rxa8 23. Qb3 Rb8 24. Qb5 Qb7 25. Ra1 Nc7 26. Qd7 Nd5 27. Qxb7 Rxb7 28. Ra8+ Kh7 29. Nd6 Rd7 30. Rb8 Rc7 31. c4 Nb4 32. Rxb6 Nd3 33. f4 Kg6 34. Kf1 Ra7 35. Ke2 Nb4 36. Rxb4 cxb4 37. Kd3 Kh5 38. h3 Ra2 39. Kc2 f6 40. Kb3 Ra1 41. c5 Rg1 42. c6 Rxg3+ 43. Kxb4 Rg1 44. c7 Rc1 45. Nc4 1-0